Sadaaqa: Partnership & Cultural Kinship (Record no. 214316)

MARC details
000 -LEADER
fixed length control field 00659nam a22002057a 4500
005 - DATE AND TIME OF LATEST TRANSACTION
control field 20260120144857.0
010 ## - LCCN (DPL NO)
LC control number ENG-147561
020 ## - INTERNATIONAL STANDARD BOOK NUMBER
International Standard Book Number 9788119798209
Terms of availability 999.00
035 ## - SYSTEM CONTROL NUMBER
System control number EN-131093
037 ## - SOURCE OF ACQUISITION
Source of stock number/acquisition DBAD
082 ## - DEWEY DECIMAL CLASSIFICATION NUMBER
Classification number 327.5367
Edition number 1
100 ## - MAIN ENTRY--PERSONAL NAME
Personal name Roy, Chaitali Banerjee
245 ## - TITLE STATEMENT
Title Sadaaqa: Partnership & Cultural Kinship
Statement of responsibility, etc Chaitali Banerjee Roy
250 ## - EDITION STATEMENT
Edition statement 1
260 ## - PUBLICATION, DISTRIBUTION, ETC. (IMPRINT)
Place of publication, distribution, etc New Delhi
Name of publisher, distributor, etc Har Anand Publication
Date of publication, distribution, etc 2025
270 ## - ADDRESS
Address E-49/3, Okhla Industrial Area, Phase-II,
City New Delhi
Postal code 110020
300 ## - PHYSICAL DESCRIPTION
Extent 293p.
Dimensions 22cm(Hb)
500 ## - GENERAL NOTE
General note (Conversations with Pioneering Indians & Kuwaitis
942 ## - ADDED ENTRY ELEMENTS (KOHA)
Source of classification or shelving scheme Dewey Decimal Classification
Item type English Books
Classification part 327.5367
Call number suffix ROY
Holdings
Withdrawn status Lost status Not for loan Collection code Home library Current library Date acquired Source of acquisition Cost, normal purchase price Full call number Barcode Copy number Cost, replacement price Koha item type
      Non-fiction Janak Puri Janak Puri 20/01/2026 Delivery of Books Act Division 999.00 327.5367 ROY EN-131093 1 999.00 English Books

© Delhi Public Library
Hit Counter
free hit counter